Taylor Swift - Compléter le refrain de Shake It Off - Statistiques

Statistiques générales
  • Ce quiz a été pris 63 fois
  • Le résultat moyen est 5 sur 6
Statistiques - réponses
Question Réponse % Correct
'Cause the players gonna *** play, play, play, play, play
96%
And the *** gonna hate, hate, hate, hate, hate haters
92%
*** gonna break, break, break, break, break Heartbreakers
92%
And the fakers gonna *** fake, fake, fake, fake, fake
84%
*** I'm just gonna shake, shake, shake, shake, shake. I shake it off, I shake it off Baby,
80%
Baby, I'm *** shake, shake, shake, shake, shake. I shake it off, I shake it off just gonna
80%
Aucun quiz correspondant
Distribution des résultats
% des personnes avec chaque résultat
Percentile par nombre de réponses
Votre historique - résultats
Vous n’avez pas pris ce quiz